000 00788nam a22002177a 4500
005 20250326143425.0
010 _aENG-144266
020 _c65.00
_a9789394609006
035 _aEN-127798
037 _bDBAD
082 _a615.5
100 _aMoorthy, A.M.
_979940
245 _aIntroduction to alternative medicine and therapies/
_cA.M. moorthy, P. ramasamy [AND] A. Sathish Kumar
260 _aChennai
_bAksharaa muthra alayam pvt. ltd
_c2022
270 _aNo.44/303, anna salai, teynampet,
_bChennai
_e600018
_k044-4580083
_k9282134542
_mmurali.aks@gmail.com
300 _a393p.
_c23.7cm(Hb)
650 _aScience--Social aspects
_979941
650 _aScience, Ancient
_979942
700 _aP. ramasamy [AND] A. Sathish Kumar
_979943
942 _2ddc
_cEN
_h615.5
_mMOO
999 _c210518
_d210518